Statistics for Top 10 Biggest Seattle Suburbs

Click here to take the quiz!

General Stats

  • This quiz has been taken 152 times
    (149 since last reset)
  • The average score is 6 of 10

Answer Stats

RankPopulationSuburb% Correct
5157,752Bellevue
94%
8109,957Renton
76%
6145,424Kent
75%
11100,853Kirkland
67%
1777,078Redmond
66%
10103,374Federal Way
56%
1490,672Auburn
41%
2359,728Shoreline
40%
1971,191Sammamish
31%
2555,816Burien
23%

Score Distribution

Percentile by Number Answered

Percent of People with Each Score

Your Score History

You have not taken this quiz since the last reset